Largest Metro Areas in Canada with Exceptions - Statistics

General Stats
  • This quiz has been taken 67 times
  • The average score is 11 of 12
Answer Stats
Population Province/Territory Answer % Correct
4.1 Million Quebec Montreal
100%
2.5 Million British Columbia Vancouver
100%
1.4 Million Alberta Calgary
98%
1.3 Million Alberta Edmonton
98%
400K Nova Scotia Halifax
95%
800K Quebec Quebec City
95%
800K Mantioba Winnipeg
95%
200K Saskatchewan Regina
91%
200K Newfoundland St John's
91%
300K Saskatchewan Saskatoon
88%
300K British Columbia Victoria
78%
200K Quebec Sherbrooke
40%
No matching quizzes found
Score Distribution
Percent of People with Each Score
Percentile by Number Answered
Your Score History
You have not taken this quiz